000 00887nam a22002655i 4500
001 11060
003 ES-MaACL
005 20230906150023.0
007 t|
008 921230s1991 sp ||||0| spa j
020 _a84-7774-082-8
040 _aM-BN
_bspa
_cM-BN
080 _a616.8-053.2
100 1 _aManga, Dionisio.
_975999
245 1 0 _aNeuropsicología de la edad escolar
_b: aplicaciones de la teoría de A.R. Luria a niños a través de la batería LURIA-DNI /
_cDionisio Manga y Francisco Ramos.
260 _aMadrid :
_bVisor,
_cD.L. 1991.
300 _a215 p :
_bil ;
_c24 cm.
490 1 _aAprendizaje ;
_v82
504 _aBibliografía: p. 189-198.
650 4 _aNeuropsicología pediátrica.
_915533
700 1 _aRamos Campos, Francisco.
_995291
830 0 _aAprendizaje ;
_v82
_9178918
852 _aES-MaACL
_jL-18435
_bR.121845
999 _c11060
_d11060